000 01012nam a22003017a 4500
001 6954
003 FISKH
005 20250611151855.0
008 250611b cb ||||| |||| 00| 0 eng d
020 _a9780590407601
040 _aFISKH
_beng
_cFISKH
_dFISKH
050 _aQE29 .C696
082 _a551
100 _aCole, Joanna
_d(1944–2020)
245 _aThe magic school bus :
_bInside the earth /
_cBy Joanna Cole ; Illustrated by Bruce Degen
250 _aThis edition first published in 1987
260 _aNew York :
_bScholastic,
_c1987
300 _a40 pages :
_bcolor illustrations ;
_c22 x 26 cm
505 _aJ
520 _aOn a special field trip in the magic school bus, Ms Frizzle's class learn at first hand about different kinds of rocks and the formation of the earth.
521 8 _a500
_bLexile
521 8 _aJ
_bRaz-Plus
650 _2Rocks
_aPicture book
650 _2Science
_aVolcanoes
700 _aDegen, Bruce
_dillustrator
942 _2ddc
_cBK
_n0
999 _c6954
_d6954